Online
Catalog

Terminemos el cuento / (Record no. 7839)

MARC details
000 -CABECERA
campo de control de longitud fija 01799cam a2200265 a 4500
001 - NÚMERO DE CONTROL
campo de control 000008062
005 - FECHA Y HORA DE LA ÚLTIMA TRANSACCIÓN
campo de control 20250512091101.0
008 - DATOS DE LONGITUD FIJA--INFORMACIÓN GENERAL
campo de control de longitud fija 020122s2001 sp a 000 j spa
020 ## - NÚMERO INTERNACIONAL ESTÁNDAR DEL LIBRO
Número Internacional Estándar del Libro 8420443476
040 ## - FUENTE DE LA CATALOGACIÓN
Centro catalogador/agencia de origen DO-SdBNP
Lengua de catalogación spa
Centro/agencia transcriptor BNPD
082 ## - NÚMERO DE LA CLASIFICACIÓN DECIMAL DEWEY
Número de clasificación H864.44
Número de documento/Ítem P925t, 2001
111 2# - ENTRADA PRINCIPAL--NOMBRE DE CONGRESO/REUNIÓN
Nombre de congreso/reunión o jurisdicción como elemento de entrada Premio Internacional de Literatura
Número del congreso/reunión o número de parte o sección (3º. :
Fecha del congreso/reunión 2001 :
Sede del congreso/Lugar de la reunión Madrid)
9 (RLIN) 21969
245 00 - MENCIÓN DE TÍTULO
Título Terminemos el cuento /
Mención de responsabilidad, etc. Armando Almanzar ... [et al.].
260 ## - PUBLICACIÓN, DISTRIBUCIÓN, ETC.
Lugar de publicación, distribución, etc. Madrid :
Nombre del editor, distribuidor, etc. Alfaguara,
Fecha de publicación, distribución, etc. 2001.
300 ## - DESCRIPCIÓN FÍSICA
Extensión 239 p. :
Otras características físicas il. ;
Dimensiones 22 cm.
490 1# - MENCIÓN DE SERIE
Mención de serie Serie roja
500 ## - NOTA GENERAL
Nota general La biblioteca posee la primera reimpresión, Santo Domingo, 2006
505 0# - NOTA DE CONTENIDO CON FORMATO
Nota de contenido con formato Desde el fondo de la copa / Lucia Laragiones, Esteban Virgilio Da Re -- La casita / Ramon Rocha Monroy, Rossana Kathenca Peredo -- La invencion del silencio / Alejandra Costamagna, Constanza Perez-Cueto -- La nina calva / Jorje Franco, Daniel Alejandro Castelblanco -- Balada-rock / Enid Vian, Sandra Martinez Rodriguez -- El virus del genesis / Raul Vallejo, Andrea Rosario Torres -- Hola!, Eres Luis? / Ricardo Gomez, Laura Casielles --
505 0# - NOTA DE CONTENIDO CON FORMATO
Nota de contenido con formato Tarantula / Guillermo Samperio, Jorge Abraham Sanchez -- La maquina del senor Heriberto / Helio Vera, Gonzalo Gabriel de Tommaso -- Retiro espritual / Giovanna Pollarolo, Alejandra Cardenas -- Geronimo / Mayra Montero, Neddie M. Cruz -- Muchacha bonita en ventana con rejas y un gato / Armando Almanzar, Massiel Indiana Zapata -- El arbol de las garzas / Carlos Maria Dominguez, Danila Fernanda Rivero -- Huelga de hambre / Jose Luis Palacios, Natalia Milagros Pericchi.
650 #0 - PUNTO DE ACCESO ADICIONAL DE MATERIA--TÉRMINO DE MATERIA
Término de materia o nombre geográfico como elemento de entrada Cuentos hispanoamericanos
9 (RLIN) 9678
650 #0 - PUNTO DE ACCESO ADICIONAL DE MATERIA--TÉRMINO DE MATERIA
Término de materia o nombre geográfico como elemento de entrada Literatura hispanoamericana
Subdivisión cronológica SIGLO XX
9 (RLIN) 16923
700 12 - PUNTO DE ACCESO ADICIONAL--NOMBRE DE PERSONA
Nombre de persona Almánzar Rodríguez, Armando,
Fechas asociadas al nombre 1935-
9 (RLIN) 19523
830 #0 - PUNTO DE ACCESO ADICIONAL DE SERIE-TÍTULO UNIFORME
Título uniforme Serie roja
9 (RLIN) 21971
910 ## - DATOS DE OPCIÓN DEL USUARIO (OCLC)
Datos de opción del usuario Validado. Control de calidad MFF
Holdings
Estado de retiro Estado de pérdida Restricciones de uso No para préstamo Código de colección Localización permanente Ubicación/localización actual Ubicación en estantería Fecha de adquisición Número de inventario Total de préstamos Signatura topográfica completa Código de barras Fecha visto por última vez Número de copia Precio válido a partir de Tipo de ítem Koha
      Excluido de préstamo Monografías: Libros y Folletos General General Depósito 22.03.2018 LF1   H864.44 P925t, 2001 8062-30 25.06.2020 e. 3 25.06.2020 No se presta
        Monografías: Libros y Folletos General General Depósito 22.03.2018 LF1   H864.44 P925t, 2001 8062-40 25.06.2020 e. 4 25.06.2020 Préstamo en sala
  Extraviado     Monografías: Libros y Folletos General General Extraviado 22.03.2018 LF1   H864.44 P925t, 2001 8062-50 25.06.2020 e. 5 25.06.2020 Préstamo en sala
        Monografías: Libros y Folletos Patrimonio Dominicano Patrimonio Dominicano Depósito 14.09.2009 LF1   H864.44 P925t, 2001 8062-10 25.06.2020   25.06.2020 Préstamo en sala
      Excluido de préstamo Monografías: Libros y Folletos Patrimonio Dominicano Patrimonio Dominicano Depósito 22.03.2018 LF1   H864.44 P925t, 2001 8062-20 25.06.2020 e. 2 25.06.2020 No se presta

Powered by Koha